| 000 | 00609nam a2200181 a 4500 | ||
|---|---|---|---|
| 008 | 120416s1968 ||||||||||||||||| || u | ||
| 050 | _aQD 95 Che | ||
| 100 | _aBecker, Ralph S | ||
| 245 | 1 | 0 | _aChemical applications of spectroscopy |
| 250 | _a2nd rev. e | ||
| 260 |
_aNew York _bJohn Wiley and Sons _c1968 |
||
| 300 | _ax, 486p. | ||
| 350 | _a0.00 | ||
| 650 | 0 | _aCHEMISTRY--HANDBOOKS, MANUALS, ETC | |
| 650 | _aSPECTROSCOPY | ||
| 700 | _aWest, W | ||
| 995 |
_D0.00 _FCBU-MAIN LIBRARY (Kitwe) _H1 _I29.25 _M1 _UAVAILABLE _ZAnnex Low-Usage Collection |
||
| 999 |
_c37144 _d37144 |
||